The UK's most active agents 2011 (Record no. 83829)

MARC details
000 -LEADER
fixed length control field 00858cad a22001935a 4500
001 - CONTROL NUMBER
control field L155169
008 - FIXED-LENGTH DATA ELEMENTS--GENERAL INFORMATION
fixed length control field 120307s2012 xxk 000 0 eng d
035 ## - SYSTEM CONTROL NUMBER
System control number (Sirsi) u155169
041 0# - LANGUAGE CODE
Language code of text/sound track or separate title eng
110 2# - MAIN ENTRY--CORPORATE NAME
Corporate name or jurisdiction name as entry element Estates Gazette
9 (RLIN) 298
245 04 - TITLE STATEMENT
Title The UK's most active agents 2011
260 ## - PUBLICATION, DISTRIBUTION, ETC.
Date of publication, distribution, etc. 2012
520 ## - SUMMARY, ETC.
Summary, etc. Summarises the results of EGi 2011 deals competition which attracted a record amount of transaction data from participating agents. Tables cover: top five agents - lettings; top five agents - investments; top five agents in industrial, office, retail, and leisure and hotels lettings' categories; and top five agents in each category by region.
590 ## - LOCAL NOTE (RLIN)
Local note KA
651 #4 - SUBJECT ADDED ENTRY--GEOGRAPHIC NAME
Geographic name United Kingdom
690 ## - LOCAL SUBJECT ADDED ENTRY--TOPICAL TERM (OCLC, RLIN)
Topical term or geographic name as entry element Commercial property
9 (RLIN) 6227
856 40 - ELECTRONIC LOCATION AND ACCESS
Uniform Resource Identifier <a href="https://www.estatesgazette.com/deals/">https://www.estatesgazette.com/deals/</a>
Public note View the article at www.estatesgazette.com
942 ## - ADDED ENTRY ELEMENTS (KOHA)
Suppress in OPAC 0
Holdings
Withdrawn status Lost status Source of classification or shelving scheme Damaged status Not for loan Home library Current library Shelving location Date acquired Total Checkouts Full call number Barcode Date last seen Copy number Price effective from Koha item type
    Dewey Decimal Classification     Virtual Virtual Online 07/03/2012   ONLINE PUBLICATION 155169-2001 06/08/2019 1 06/08/2019 Journal article